<?xml version="1.0" encoding="UTF-8"?>
<collection xmlns="http://www.loc.gov/MARC21/slim">
 <record>
  <leader>02556cam a22005297i 4500</leader>
  <controlfield tag="001">000664690</controlfield>
  <controlfield tag="003">CZ-PrVSE</controlfield>
  <controlfield tag="005">20200225090832.0</controlfield>
  <controlfield tag="007">ta</controlfield>
  <controlfield tag="008">190826s1892    gw     fr     000 0 ger d</controlfield>
  <datafield tag="020" ind1=" " ind2=" ">
   <subfield code="q">(Vázáno)</subfield>
  </datafield>
  <datafield tag="040" ind1=" " ind2=" ">
   <subfield code="a">ABB085</subfield>
   <subfield code="b">cze</subfield>
   <subfield code="c">ABA006</subfield>
   <subfield code="d">ABA006</subfield>
   <subfield code="e">rda</subfield>
  </datafield>
  <datafield tag="072" ind1=" " ind2="7">
   <subfield code="a">33</subfield>
   <subfield code="x">Ekonomie</subfield>
   <subfield code="2">Konspekt</subfield>
   <subfield code="9">4</subfield>
  </datafield>
  <datafield tag="072" ind1=" " ind2="7">
   <subfield code="a">094.5</subfield>
   <subfield code="x">Tisky (19. století)</subfield>
   <subfield code="2">Konspekt</subfield>
   <subfield code="9">12</subfield>
  </datafield>
  <datafield tag="072" ind1=" " ind2="9">
   <subfield code="a">094.4</subfield>
   <subfield code="x">Prints (19th century)</subfield>
   <subfield code="2">Conspectus</subfield>
   <subfield code="9">12</subfield>
  </datafield>
  <datafield tag="072" ind1=" " ind2="9">
   <subfield code="a">330</subfield>
   <subfield code="x">Economics</subfield>
   <subfield code="2">Conspectus</subfield>
   <subfield code="9">4</subfield>
  </datafield>
  <datafield tag="080" ind1=" " ind2=" ">
   <subfield code="a">33</subfield>
   <subfield code="2">MRF_2014</subfield>
  </datafield>
  <datafield tag="080" ind1=" " ind2=" ">
   <subfield code="a">33:32</subfield>
   <subfield code="2">MRF_2003</subfield>
  </datafield>
  <datafield tag="080" ind1=" " ind2=" ">
   <subfield code="a">(035)</subfield>
   <subfield code="2">MRF_2003</subfield>
  </datafield>
  <datafield tag="099" ind1=" " ind2="9">
   <subfield code="a">33WAG</subfield>
  </datafield>
  <datafield tag="100" ind1="1" ind2=" ">
   <subfield code="a">Wagner, Adolph,</subfield>
   <subfield code="d">1835-1917</subfield>
   <subfield code="7">skuk0001455</subfield>
   <subfield code="4">aut</subfield>
  </datafield>
  <datafield tag="245" ind1="1" ind2="0">
   <subfield code="a">Grundlegung der politischen Oekonomie.</subfield>
   <subfield code="n">Erster Theil,</subfield>
   <subfield code="p">Grundlagen der Volkswirthschaft.</subfield>
   <subfield code="n">Erster Halbband. Einleitung und Buch 1-3,</subfield>
   <subfield code="p">(Wirthschaftliche Natur des Menschen. Object, Aufgaben, Methoden, System der politischen Oekonomie. Elementare Grundbegriffe. Wirthschaft und Volkswirthschaft) /</subfield>
   <subfield code="c">von Adolph Wagner</subfield>
  </datafield>
  <datafield tag="246" ind1="3" ind2="0">
   <subfield code="a">Object, Aufgaben, Methoden, System der politischen Oekonomie</subfield>
  </datafield>
  <datafield tag="246" ind1="3" ind2="0">
   <subfield code="a">Grundlagen der Volkswirthschaft</subfield>
  </datafield>
  <datafield tag="246" ind1="3" ind2="0">
   <subfield code="a">Wirthschaftliche Natur des Menschen; Object, Aufgaben, Methoden, System der politischen Oekonomie</subfield>
  </datafield>
  <datafield tag="246" ind1="3" ind2="0">
   <subfield code="a">Elementare Grundbegriffe</subfield>
  </datafield>
  <datafield tag="246" ind1="3" ind2="0">
   <subfield code="a">Wirthschaft und Volkswirthschaft</subfield>
  </datafield>
  <datafield tag="250" ind1=" " ind2=" ">
   <subfield code="a">Dritte wesentlich um-, theilweise ganz neu bearbeitete und stark erweiterte Auflage</subfield>
  </datafield>
  <datafield tag="264" ind1=" " ind2="1">
   <subfield code="a">Leipzig :</subfield>
   <subfield code="b">C.F. Winter'sche Verlagshandlung,</subfield>
   <subfield code="c">1892</subfield>
  </datafield>
  <datafield tag="300" ind1=" " ind2=" ">
   <subfield code="a">xvi, 443 stran</subfield>
  </datafield>
  <datafield tag="336" ind1=" " ind2=" ">
   <subfield code="a">text</subfield>
   <subfield code="b">txt</subfield>
   <subfield code="2">rdacontent</subfield>
  </datafield>
  <datafield tag="337" ind1=" " ind2=" ">
   <subfield code="a">bez média</subfield>
   <subfield code="b">n</subfield>
   <subfield code="2">rdamedia</subfield>
  </datafield>
  <datafield tag="338" ind1=" " ind2=" ">
   <subfield code="a">svazek</subfield>
   <subfield code="b">nc</subfield>
   <subfield code="2">rdacarrier</subfield>
  </datafield>
  <datafield tag="490" ind1="1" ind2=" ">
   <subfield code="a">Lehr- und Handbuch der politischen Oekonomie : in einzehnen selbständigen Abtheilungen ;</subfield>
   <subfield code="v">1. Hauptabtheilung</subfield>
  </datafield>
  <datafield tag="501" ind1=" " ind2=" ">
   <subfield code="a">Obsahuje přívazek: Grundlegung der politischen Oekonomie. Erster Theil, Grundlagen der Volkswirthschaft. Zweiter Halbband / von Adolph Wagner</subfield>
  </datafield>
  <datafield tag="504" ind1=" " ind2=" ">
   <subfield code="a">Obsahuje bibliografické odkazy</subfield>
  </datafield>
  <datafield tag="650" ind1="0" ind2="7">
   <subfield code="a">ekonomie a politika</subfield>
   <subfield code="7">ph548940</subfield>
   <subfield code="2">czenas</subfield>
  </datafield>
  <datafield tag="650" ind1="0" ind2="7">
   <subfield code="a">ekonomie</subfield>
   <subfield code="7">ph114430</subfield>
   <subfield code="2">czenas</subfield>
  </datafield>
  <datafield tag="655" ind1=" " ind2="7">
   <subfield code="a">příručky</subfield>
   <subfield code="7">fd133209</subfield>
   <subfield code="2">czenas</subfield>
  </datafield>
  <datafield tag="650" ind1="0" ind2="9">
   <subfield code="a">economics and politics</subfield>
   <subfield code="2">eczenas</subfield>
  </datafield>
  <datafield tag="650" ind1="0" ind2="9">
   <subfield code="a">economics</subfield>
   <subfield code="2">eczenas</subfield>
  </datafield>
  <datafield tag="655" ind1=" " ind2="9">
   <subfield code="a">handbooks and manuals</subfield>
   <subfield code="2">eczenas</subfield>
  </datafield>
  <datafield tag="830" ind1=" " ind2="0">
   <subfield code="a">Lehr- und Handbuch der politischen Oekonomie</subfield>
  </datafield>
  <datafield tag="993" ind1=" " ind2=" ">
   <subfield code="a">008224467</subfield>
  </datafield>
  <datafield tag="996" ind1=" " ind2=" ">
   <subfield code="1">PDPZ2</subfield>
   <subfield code="3">F54837/I</subfield>
   <subfield code="4">N:G; PC=14678/58</subfield>
   <subfield code="5">3142336565</subfield>
   <subfield code="7">Svazek dvou publikací</subfield>
   <subfield code="8">20200224</subfield>
   <subfield code="9">33WAG</subfield>
   <subfield code="f">89</subfield>
   <subfield code="h">Svazek dvou publikací</subfield>
   <subfield code="l">UEP01</subfield>
   <subfield code="m">BOOK</subfield>
   <subfield code="q">Knihovna Žižkov depoz. 2</subfield>
   <subfield code="t">přísně prezenční</subfield>
   <subfield code="u">UEP01</subfield>
   <subfield code="w">20200224</subfield>
  </datafield>
 </record>
</collection>
